000 00662nam a2200193Ia 4500
008 240729s9999 xx 000 0 und d
022 _a2514-7897
245 0 _aJournal of Perpetrator Research
260 _aUnited Kingdom
260 _bWinchester University Press
650 _a Comparative law. International uniform law
650 _a Criminal law and procedure | Social Sciences
650 _a Law in general. Comparative and uniform law. Jurisprudence
650 _a Social pathology. Social and public welfare. Criminology
650 _aLaw
856 _uhttps://doaj.org/toc/9d32c5e72b944d8d9291a7c79796bddf
942 _2ddc
942 _cDOAJEJ
999 _c70894
_d70894
945 _a1
_bMadushi Gamage
_c1
_dMadushi Gamage